Ministers of cabinet Rutte I Quiz Stats

 Plays Quiz not verified by Sporcle

Score 0/12 Timer 04:00
0 Plays Today
Portfolio Name % Correct
General AffairsMark Rutte
100%
FinanceJan Kees de Jager
88.5%
Economic Affairs, Agriculture and Innovation Maxime Verhagen
76.9%
Foreign AffairsUri Rosenthal
61.5%
Public Safety and JusticeIvo Opstelten
61.5%
Health, Welfare and SportEdith Schippers
57.7%
Immigration and AsylumGerd Leers
57.7%
DefenceHans Hillen
53.8%
Social Affairs and EmploymentHenk Kamp
53.8%
Interior and Kingdom RelationsPiet Hein Donner
46.2%
Education, Culture and ScienceMarja van Bijsterveldt
46.2%
Infrastructure and the EnvironmentMelanie Schultz van Haegen
42.3%

You're not logged in!

Compare scores with friends on all Sporcle quizzes.
OR
Log In

Show Comments

Extras

Top Quizzes Today


Score Distribution

Your Account Isn't Verified!

In order to create a playlist on Sporcle, you need to verify the email address you used during registration. Go to your Sporcle Settings to finish the process.

Report this User

Report this user for behavior that violates our Community Guidelines.

Details: